| 000 | 01354nam a2200421 i 4500 | ||
|---|---|---|---|
| 001 | 11120 | ||
| 003 | KOSZ 005 | ||
| 005 | 20221117124635.0 | ||
| 008 | 071003s1968 pl a f 001 0 pol | ||
| 015 | _aPB 1968/5630 | ||
| 040 |
_aWA N _cWA N _dKOSZ 005/RW _dKOSZ 005/HR |
||
| 041 | 1 |
_apol _hger |
|
| 046 | _k1968 | ||
| 080 | _a62-5 | ||
| 080 | _a531.7 | ||
| 080 | _a532 | ||
| 080 | _a621.317 | ||
| 100 | 1 |
_aWiedmer, Helmut _eAutor |
|
| 245 | 1 | 0 |
_aPomiary, sterowanie, regulacja / _cHelmut Wiedmer ; tł. Jan Herbich. |
| 246 | 1 |
_iTyt. oryg.: _aTechnische Information, Messen, Steuern, Regeln. |
|
| 260 |
_aWarszawa : _bWydawnictwa Naukowo-Techniczne, _c1968. |
||
| 300 |
_a373, [2] s. : _bil. ; _c23 cm. |
||
| 336 |
_2rdacontent _aTekst _btxt |
||
| 337 |
_2rdamedia _aBez urządzenia pośredniczącego _bn |
||
| 338 |
_2rdacarrier _aWolumin _bnc |
||
| 380 | _aKsiążki. | ||
| 388 | _a1901-2000 | ||
| 388 | _a1945-1989 | ||
| 504 | _aIndeks. | ||
| 650 | 4 | _aAutomatyzacja | |
| 650 | 4 | _aPomiary | |
| 650 | 4 | _aPrzyrządy pomiarowe | |
| 658 | _aInżynieria i technika | ||
| 700 | 1 |
_aHerbich, Jan _eTłumaczenie |
|
| 710 | 2 |
_aWydawnictwa Naukowo-Techniczne _4pbl. |
|
| 856 |
_uhttp://koha.tu.koszalin.pl/cgi-bin/koha/opac-detail.pl?biblionumber=11120 _yKatalog online BPK |
||
| 942 |
_2UKD _cKS |
||
| 999 |
_c11120 _d11120 |
||